Training of rural school teachers (Record no. 1328212)

MARC details
000 -LEADER
fixed length control field 00620nam a2200205Ia 4500
005 - DATE AND TIME OF LATEST TRANSACTION
control field 20250508151214.0
008 - FIXED-LENGTH DATA ELEMENTS--GENERAL INFORMATION
fixed length control field 008 250505s9999 xx 000 0 eng d
037 ## - SOURCE OF ACQUISITION
Stock number TextBook
040 ## - CATALOGING SOURCE
Original cataloging agency FEDL
Language of cataloging eng
Transcribing agency FEDL
041 ## - LANGUAGE CODE
Language code of text/sound track or separate title eng
Source of code eng
084 ## - COLON CLASSIFICATION NUMBER
Classification number 370.7, FIL
Assigning agency FEDL
100 ## - MAIN ENTRY--PERSONAL NAME
Personal name Filho M B Lourenco and others
9 (RLIN) 758643
245 #0 - TITLE STATEMENT
Title Training of rural school teachers
260 ## - PUBLICATION, DISTRIBUTION, ETC.
Place of publication, distribution, etc. Paris
Name of publisher, distributor, etc. United Nations Education, Scientific and Cultural Organization
Date of publication, distribution, etc. 1953
300 ## - PHYSICAL DESCRIPTION
Extent 163p
365 ## - TRADE PRICE
Price type code INR
Price amount 5.1
650 ## - SUBJECT ADDED ENTRY--TOPICAL TERM
Topical term or geographic name entry element Education - Teaching
9 (RLIN) 612643
942 ## - ADDED ENTRY ELEMENTS (KOHA)
Koha item type Textbook
Classification part 370.7, FIL
Holdings
Withdrawn status Lost status Damaged status Not for loan Home library Current library Date acquired Cost, normal purchase price Total Checkouts Full call number Barcode Date last seen Price effective from Koha item type
        Department of Education Library Department of Education Library 2025-05-08 5.10   370.7, FIL EL0008497 2025-05-08 2025-05-08 Textbook
Copyright @ Delhi University Library System